Kto jest autorem cytatu związanego z piłką nożną? #1 - Statystyki

Ogólne statystyki
  • Ten quiz został rozwiązany 386 razy
  • Średni wynik to 5 z 15
Statystyki odpowiedzi
Zagadnienie Odpowiedź % Poprawnych
„Piłka jest okrągła, a bramki są dwie” Kazimierz Górski
76%
„Jedno jest pewne, beze mnie na mundialu nie będzie czego oglądać, dlatego nie warto czekać na mistrzostwa świata” Zlatan Ibrahimović
76%
„Futbol to prosta gra. Po boisku przez 90 minut biega 22 piłkarzy, a na końcu i tak zawsze wygrywają Niemcy” Gary Lineker
56%
„Mistrzostwo świata w 1966 roku nie zostało zdobyte na boiskach. Zostało wygrane na ulicach” Bobby Charlton
52%
„U sportowca po trzydziestce wiek zaczyna się liczyć jak u psa. Każdy rok to siedem lat” Gianluigi Buffon
45%
„Granie w piłkę nożną jest bardzo proste. Ale granie prostej piłki, jest rzeczą najtrudniejszą” Johan Cruyff
37%
„To zaszczyt zakładać koszulkę z numerem 7 w Liverpoolu. Myślę od razu o legendach: Dalglishu, Keeganie i tym gościu z Australii" Luis Suarez
37%
„Piłkarze nie zdobywają trofeów. Drużyny zdobywają trofea” Jose Mourinho
34%
„Drużyna piłkarska jest jak fortepian. Potrzebujesz ośmiu, żeby go nieśli, i trzech, którzy umieją na tym cholerstwie grać” Bill Shankly
25%
„Najlepszy przyjaciel w klubie? Nie mam przyjaciół, jestem menedżerem” Gordon Strachan
22%
„Najbardziej ryzykowną rzeczą w futbolu jest brak podjęcia jakiegokolwiek ryzyka” Pep Guardiola
20%
„Przeciętny angielski piłkarz nie odróżnia atrakcyjnej kobiety od flagi w boiskowym narożniku” Walter Zenga
19%
„Rzut karny to tchórzliwy sposób na zdobycie bramki” Pele
18%
“Dziś piłkarze stali się Robocopami. Bardziej od masaży potrzebują oliwienia” Diego Maradona
16%
„Wślizg jest lepszy niż seks” Paul Ince
5%
Nie znaleziono quizów pasujących do podanych kryteriów
Rozkład punktacji
Procent ludzi z każdym wynikiem
Percentyl według liczby udzielonych odpowiedzi
Twoja historia wyników
Nie rozwiązałeś tego quizu